Book Titles by Synonym #2 - Statistics

General Stats
  • This quiz has been taken 24 times
  • The average score is 14 of 25
Answer Stats
Hint Answer % Correct
The Vine Fruit of Anger The Grapes of Wrath
90%
Pete Skillet Peter Pan
86%
The Glowing The Shining
81%
Wrongdoing and Retribution Crime and Punishment
76%
The Craft of Conflict The Art of War
76%
The Beckoning of the Untamed The Call of the Wild
76%
The Unclothed Primate The Naked Ape
71%
I Understand Why the Incarcerated Avian Croons I Know Why the Caged Bird Sings
67%
In Frosty Haemoglobin In Cold Blood
67%
The Fellow Who Would Be Sovereign The Man Who Would Be King
67%
The Lady in Ivory The Woman in White
67%
Romance in the Era of Diarrhoea Love in the Time of Cholera
57%
The Final Monarch of Caledonia The Last King of Scotland
57%
The Excessively Ravenous Larva The Very Hungry Caterpillar
57%
Core of Gloominess Heart of Darkness
52%
The Petite Siren The Little Mermaid
52%
The Silent Yankee The Quiet American
52%
Items Drop Asunder Things Fall Apart
52%
Alabaster Tooth White Fang
52%
Grim Mansion Bleak House
48%
Map Dismissed Atlas Shrugged
43%
Malachite Ova and Gammon Green Eggs and Ham
29%
The Initiation of the Sub-Genus The Origin of the Species
10%
The Chivalric Male Pupil The Honourable Schoolboy
0%
The Enigmatic Dalliance at Fashions The Mysterious Affair at Styles
0%
No matching quizzes found
Score Distribution
Percent of People with Each Score
Percentile by Number Answered
Your Score History
You have not taken this quiz